000 00717nam0a22002291 4500
001 rc\435353
005 20250621164903.0
035 _a(NLR Aleph) 005814428
090 _a5416258
_c5416258
100 _a20030616d1988 |||y0rusy50 ca
101 0 _arus
102 _aRU
105 _aa |||||||||
200 1 _aЗдоровье - в движении
_e[Метод. пособие по произв. физкультуре]
210 _aУлан-Удэ
_cБурят. кн. изд-во
_d1988
215 _a78, [1] с.
_cил.
_d21
700 1 _aЛагун
_bО.А.
_gОльга Александровна
801 0 _aRU
_bNLR
_gpsbo
801 1 _aRU
_bELAR
_2rusmarc
852 _aNLR
_j88-4/7496
942 _cBOOK
980 _aNB